Student wastage in engineering educational institutions ( Completed study) (Record no. 1347769)

MARC details
000 -LEADER
fixed length control field 00575nam a2200181Ia 4500
005 - DATE AND TIME OF LATEST TRANSACTION
control field 20250508154121.0
008 - FIXED-LENGTH DATA ELEMENTS--GENERAL INFORMATION
fixed length control field 008 250505s9999 xx 000 0 eng d
037 ## - SOURCE OF ACQUISITION
Stock number Textual
040 ## - CATALOGING SOURCE
Original cataloging agency FEDL
Language of cataloging eng
Transcribing agency FEDL
041 ## - LANGUAGE CODE
Language code of text/sound track or separate title eng
Source of code eng
084 ## - COLON CLASSIFICATION NUMBER
Classification number 371.426, INS
Assigning agency FEDL
245 #0 - TITLE STATEMENT
Title Student wastage in engineering educational institutions ( Completed study)
245 #0 - TITLE STATEMENT
Statement of responsibility, etc. IAMR working paper; 13
260 ## - PUBLICATION, DISTRIBUTION, ETC.
Place of publication, distribution, etc. New Delhi, India
Name of publisher, distributor, etc. Institute of Applied manpower Research
Date of publication, distribution, etc. 1965
300 ## - PHYSICAL DESCRIPTION
Extent 105p
942 ## - ADDED ENTRY ELEMENTS (KOHA)
Koha item type Textual
Classification part 371.426, INS
Holdings
Withdrawn status Lost status Damaged status Not for loan Home library Current library Date acquired Total Checkouts Full call number Barcode Date last seen Price effective from Koha item type
        Department of Education Library Department of Education Library 2025-05-08   371.426, INS EL0031413 2025-05-08 2025-05-08 Textual
Copyright @ Delhi University Library System